Loading...
| History - Other | 0 | 9 | 0 | 2 | 90 | 29 | 93.33 | 0 | 5 | 0.00 | 0.00 |
| History - World | 0 | 6 | 1 | 2 | 55 | 49 | 89.00 | 1 | 3 | 0.00 | 0.00 |
| Social Science | 0 | 5 | 0 | 1 | 50 | 65 | 92.40 | 0 | 3 | 0.00 | 0.00 |
| Other | 0 | 4 | 0 | 0 | 40 | 55 | 66.75 | 2 | 2 | 0.00 | 0.00 |
| Religion | 0 | 4 | 1 | 0 | 35 | 80 | 83.00 | 0 | 2 | 0.00 | 0.00 |
| Science - Other | 0 | 3 | 0 | 1 | 30 | 61 | 87.00 | 1 | 2 | 0.00 | 0.00 |
| History - American | 0 | 4 | 2 | 2 | 30 | 76 | 116.75 | 0 | 2 | 0.00 | 0.00 |
| History - European | 0 | 4 | 3 | 0 | 25 | 58 | 66.75 | 0 | 2 | 0.00 | 0.00 |
| Literature - British | 0 | 2 | 0 | 1 | 20 | 97 | 121.50 | 0 | 0 | 0.00 | 0.00 |
| Mythology | 0 | 2 | 0 | 0 | 20 | 59 | 77.00 | 0 | 1 | 0.00 | 0.00 |
| Science - Biology | 0 | 2 | 1 | 0 | 15 | 50 | 69.00 | 1 | 1 | 0.00 | 0.00 |
| Literature - European | 0 | 1 | 0 | 0 | 10 | 79 | 79.00 | 0 | 0 | 0.00 | 0.00 |
| Fine Arts - Painting & Sculpture | 0 | 1 | 0 | 0 | 10 | 110 | 110.00 | 0 | 0 | 0.00 | 0.00 |
| Literature - American | 0 | 1 | 0 | 1 | 10 | 143 | 143.00 | 0 | 1 | 0.00 | 0.00 |
| Science - Chemistry | 0 | 1 | 0 | 0 | 10 | 129 | 129.00 | 0 | 0 | 0.00 | 0.00 |
| Fine Arts - Classical Music | 0 | 0 | 0 | 0 | 0 | 0.00 | 0 | 0 | 0.00 | 0.00 | |
| Philosophy | 0 | 0 | 1 | 0 | -5 | 0.00 | 0 | 0 | 0.00 | 0.00 |